000 00641nam a22002057a 4500
003 OSt
005 20170317075554.0
008 130920t xxu||||| |||| 00| 0 eng d
020 _a9812550062
050 _aTR 428
_bLe51 2007
082 _aGS 428
_bL51-b5 2007
100 _aLee, Benjamin
_921142
245 _aPrimary english composition :
_bguide and practice book 5 /
_cBenjamin Lee.
260 _aSingapore :
_bSingapore Asian Publications,
_c2007.
300 _a149 p. ;
_c27 cm.
650 _aEnglish language
_xStudy and teaching
_921143
650 _aComposition
_xGuide and practice
_921144
942 _2ddc
_cBK
999 _c11832
_d11832